00821nam a2200217 a 450000100100000000500170001000800410002702000150006802000180008304000250010108200150012610000300014124500820017126000700025330000280032350000630035159000270041470000320044195201130047399900170058600004751120201002060558.0180614s1999 ag a 000 0 spa d a9505114621 a9789505114627 aDO-SdBNPbspacBNPHU axxxxbV1611 aValentino, Esteban97513010aTodos los soles mienten /cEsteban Valentino ; ilustraciones Edgardo Carosia. aAvellaneda, Buenos Aires, Argentina :bAlfaguara infantil,c1999. a140 p. :bil. ;c23 cm. aIncluye datos biografícos del autor en la contraportada. aInventariado, 2018/ YL1 aCarosia, Edgardoeil975131 001050718MOaPDbPDcCTd2018-06-14iLF1l0oxxxx V161p47511-10r2020-06-25w2020-06-25y1ZNo se presta c46999d46999